000 00768nam a2200205Ia 4500
003 GCL
008 140319s9999 xx 000 0 ara d
040 _aGCL /
_cGCL
082 0 4 _a329.02
_bح ق
100 1 _aحسين محمود معلوم
245 1 0 _aقراءات فى نقد اليسار المعربى ... التربة الجزبية العربية من الكائن الى مايجب ان يكون /
_cحسين محمود معلوم
260 _a[S.N] :
_bالهيئة المصرية العامة للكتاب ،
_c1991
300 _a350 ص
490 _a
650 0 4 _aالعالم العربى
650 0 4 _aالاحوال السياسية
650 0 4 _aالاحزاب السياسية
650 0 4 _aالقومية العربية
942 _2ddc
_cBK
999 _c32582
_d32582